The Berenstain Bears family reunion / (Record no. 31466)
[ view plain ]
| 000 -LEADER | |
|---|---|
| fixed length control field | 00923nam a2200241ua 4500 |
| 001 - CONTROL NUMBER | |
| control field | sky274855600 |
| 003 - CONTROL NUMBER IDENTIFIER | |
| control field | SKY |
| 005 - DATE AND TIME OF LATEST TRANSACTION | |
| control field | 20260112004621.0 |
| 008 - FIXED-LENGTH DATA ELEMENTS--GENERAL INFORMATION | |
| fixed length control field | 160719s nyua 001 0 eng d |
| 020 ## - INTERNATIONAL STANDARD BOOK NUMBER | |
| International Standard Book Number | 9780545470179 |
| 040 ## - CATALOGING SOURCE | |
| Modifying agency | SKYRV |
| Transcribing agency | ndc |
| 100 1# - MAIN ENTRY--PERSONAL NAME | |
| Personal name | Berenstain, Stan |
| Authority record control number | (local)711072. |
| 245 14 - TITLE STATEMENT | |
| Title | The Berenstain Bears family reunion / |
| Statement of responsibility, etc. | Stan and Jan Berenstain. |
| 260 ## - PUBLICATION, DISTRIBUTION, ETC. (IMPRINT) | |
| Place of publication, distribution, etc. | New York : |
| Name of publisher, distributor, etc. | Scholastic, |
| Date of publication, distribution, etc. | c2012. |
| 300 ## - PHYSICAL DESCRIPTION | |
| Extent | 1 volume (unpaged) . : |
| Other physical details | col. ill. ; |
| Dimensions | 23 cm. |
| 490 0# - SERIES STATEMENT | |
| Series statement | I can read! |
| -- | Level 1 beginning reading. |
| 520 ## - SUMMARY, ETC. | |
| Summary, etc. | The Bears are having a family reunion, and all their relatives are invited. Come have fun with Mama, Papa, Sister, Brother, Honey and all the Bears from near and far. |
| 650 #0 - SUBJECT ADDED ENTRY--TOPICAL TERM | |
| Topical term or geographic name as entry element | Families |
| Form subdivision | Juvenile fiction. |
| Authority record control number | (local)335744. |
| 650 #0 - SUBJECT ADDED ENTRY--TOPICAL TERM | |
| Topical term or geographic name as entry element | Bears |
| Form subdivision | Juvenile fiction. |
| Authority record control number | (local)339594. |
| 700 ## - ADDED ENTRY--PERSONAL NAME | |
| Personal name | Berenstain, Jan |
| Authority record control number | (local)725416. |
| 907 ## - LOCAL DATA ELEMENT G, LDG (RLIN) | |
| a | .b479212557 |
| 942 ## - ADDED ENTRY ELEMENTS (KOHA) | |
| Koha item type | Libro/Book |
No items available.